WK voetbal 2026 - Noem alle landen die mee doen - Statistieken

Algemene statistieken
  • Deze quiz is 77 keer genomen
  • De gemiddelde score is 27 van 48
Antwoordstatistieken
Hint Antwoord % Correct
F Nederland
98%
D Verenigde Staten
90%
G België
86%
A Mexico
84%
K Portugal
84%
H Spanje
84%
J Argentinië
83%
E Duitsland
83%
Japan
83%
Marokko
81%
C Brazilië
79%
I Frankrijk
79%
L Engeland
78%
B Canada
76%
Noorwegen
76%
Australië
72%
Senegal
67%
Uruguay
66%
Zuid-Afrika
66%
Zuid-Korea
66%
Curaçao
62%
Egypte
62%
Ecuador
59%
Iran
59%
Schotland
59%
Tunesië
59%
Colombia
57%
Kroatië
57%
Nieuw-Zeeland
57%
Oostenrijk
55%
Zwitserland
55%
Algerije
53%
Ghana
45%
Kaapverdië
43%
Paraguay
43%
Panama
41%
Ivoorkust
40%
Qatar
38%
Oezbekistan
33%
Saudi-Arabië
33%
Haïti
29%
Jordanië
29%
onbekend
9%
onbekend
9%
onbekend
9%
onbekend
9%
onbekend
9%
onbekend
9%
Geen overeenkomende quizzen gevonden
Scoreverdeling
Procent van Mensen met Elke Score
Percentiel versus Aantal Correcte Antwoorden
Uw Scoregeschiedenis
U heeft deze quiz nog niet genomen